00218nam a2200097Ia 4500008004100000100000900041245002800050260001800078942000700096999001700103190216s9999||||xx |||||||||||||| ||und|| aNull 0aHindi-Vyamohi Ke Jinkar bSahithyasadan cBK c18530d18530